Teatre Lliure 07/08
Descripción Física:
80 p. : il. col. ; 14 cm
Materias:
Teatre -- Programes
MARC
| LEADER | 00000nam a2200000Ia 4500 | ||
|---|---|---|---|
| 001 | 19469 | ||
| 008 | 160829s2007 xx 000 0 cat d | ||
| 080 | |a B-2-140 | ||
| 245 | |a Teatre Lliure 07/08 | ||
| 260 | |a [Barcelona] : |b Fundació Teatre Lliure - Teatre Públic de Barcelona, |c 2007 | ||
| 300 | |a 80 p. : |b il. col. ; |c 14 cm | ||
| 590 | |a Col·labora l'Àrea de Cultura de la Diputació de Barcelona | ||
| 650 | |a Teatre |x Programes |9 47620 | ||
| 710 | 1 | |a Barcelona (Catalunya : Província). |b Àrea de Cultura |9 53536 | |
| 710 | 2 | |a Fundació Teatre Lliure-Teatre Públic de Barcelona |9 54330 | |
| 901 | |a Arxiu | ||
| 942 | |n 1 | ||
| 952 | |0 0 |1 0 |4 0 |6 B2140 |7 1 |9 45359 |a Arxiu |b Arxiu |d 2016-12-01 |l 0 |o B-2-140 |p 19469 |r 2016-12-01 00:00:00 |w 2016-12-01 |y ARXIU | ||
| 999 | |c 48433 |d 48433 | ||